[Event "Las Vegas National op"]
[Site "Las Vegas"]
[Date "2025.06.05"]
[Round "3"]
[White "Bick, Gabriel James"]
[Black "Yang, Daniel1"]
[Result "1-0"]
[WhiteElo "2375"]
[BlackElo "2198"]
[PlyCount "79"]
[EventDate "2025.06.04"]
[EventType "swiss"]
[EventRounds "9"]
[EventCountry "USA"]
[SourceTitle "CB24_2025"]
[SourceDate "2025.06.11"]
[SourceVersion "1"]
[SourceVersionDate "2025.06.11"]
[SourceQuality "1"]

1. e4 c5 2. Nf3 d6 3. d4 cxd4 4. Nxd4 Nf6 5. Nc3 a6 6. Rg1 b5 7. a4 b4 8. Nd5 e6 9. Nxf6+ Qxf6 10. Be3 Bb7 11. Qd2 Bxe4 12. 0-0-0 Qd8 13. Qxb4 Qc7 14. f3 Bg6 15. f4 Be7 16. f5 exf5 17. Bf4 0-0 18. Re1 Rc8 19. Bd3 Qc5 20. Qxc5 dxc5 21. Rxe7 cxd4 22. Rge1 Nc6 23. Rb7 a5 24. b3 Nb4 25. Bc4 Na2+ 26. Kd2 Nc3 27. Ree7 Ne4+ 28. Kc1 Nc5 29. Ra7 h6 30. Rxa8 Rxa8 31. Be5 Rc8 32. Bxd4 Nxa4 33. Re5 f4 34. Rxa5 Be4 35. Rxa4 Bxg2 36. Ra7 f3 37. Bxf7+ Kf8 38. Be6 Rc6 39. Bxg7+ Ke8 40. Bd7+ 1-0

[Event "Las Vegas National op"]
[Site "Las Vegas"]
[Date "2025.06.05"]
[Round "2"]
[White "Xia, Joshua"]
[Black "Bick, Gabriel James"]
[Result "0-1"]
[WhiteElo "2035"]
[BlackElo "2375"]
[PlyCount "68"]
[EventDate "2025.06.04"]
[EventType "swiss"]
[EventRounds "9"]
[EventCountry "USA"]
[SourceTitle "CB24_2025"]
[SourceDate "2025.06.11"]
[SourceVersion "1"]
[SourceVersionDate "2025.06.11"]
[SourceQuality "1"]

1. e4 e5 2. Nf3 Nc6 3. Bb5 a6 4. Ba4 Nf6 5. 0-0 b5 6. Bb3 Bc5 7. a4 Rb8 8. c3 d6 9. d4 Bb6 10. a5 Ba7 11. Be3 Bg4 12. Nbd2 exd4 13. cxd4 0-0 14. h3 Bh5 15. Qc2 Nb4 16. Qc3 c5 17. dxc5 dxc5 18. Bg5 Nd3 19. e5 Bxf3 20. exf6 Ba8 21. Rad1 c4 22. Be3 Bxe3 23. fxe3 cxb3 24. Nxb3 Qd5 25. Rf3 Nf4 26. Qc2 Rbc8 27. Rxd5 Rxc2 28. Rg5 Bxf3 29. exf4 Rd8 30. Rxg7+ Kh8 31. Kh2 Rg8 32. Rxg8+ Kxg8 33. Nd4 Rxg2+ 34. Kh1 Bd5 0-1

[Event "San Francisco 1000 GM Memorial Day"]
[Site "San Francisco"]
[Date "2024.05.26"]
[Round "6"]
[White "Griffith, Kyron"]
[Black "Bick, Gabriel James"]
[Result "1-0"]
[WhiteElo "2384"]
[BlackElo "2373"]
[PlyCount "83"]
[EventDate "2024.05.23"]
[EventType "swiss"]
[EventRounds "9"]
[EventCountry "USA"]
[SourceTitle "CBM 220 Extra"]
[Source "ChessBase"]
[SourceDate "2024.07.31"]
[SourceVersion "1"]
[SourceVersionDate "2024.07.31"]
[SourceQuality "1"]

1. e4 e5 2. Nf3 Nc6 3. Bb5 a6 4. Ba4 Nf6 5. 0-0 b5 6. Bb3 Bc5 7. Nc3 0-0 8. a4 b4 9. Nd5 Nxe4 10. d3 Nf6 11. Bg5 Be7 12. Nxe7+ Qxe7 13. Re1 h6 14. Bh4 Bb7 15. d4 e4 16. a5 d5 17. Bxd5 Qd6 18. Bxc6 Qxc6 19. Ne5 Qe6 20. Bxf6 gxf6 21. Qg4+ Qxg4 22. Nxg4 Kg7 23. Ne3 Rab8 24. c4 bxc3 25. bxc3 Bc8 26. Rab1 Bd7 27. Nd5 Rbc8 28. f3 exf3 29. gxf3 Be6 30. Nf4 Bc4 31. Rb4 Bb5 32. c4 c5 33. dxc5 Bd7 34. Re7 Bf5 35. Rb6 Rxc5 36. Nh5+ Kg6 37. Nxf6 Kg5 38. Kf2 Rxa5 39. Kg3 Rc8 40. Rxf7 Bd3 41. Ng4 Rg8 42. h4+ 1-0

[Event "San Francisco 1000 GM Memorial Day"]
[Site "San Francisco"]
[Date "2024.05.24"]
[Round "3"]
[White "Bick, Gabriel James"]
[Black "Rajesh, CS."]
[Result "1-0"]
[WhiteElo "2373"]
[BlackElo "2226"]
[PlyCount "106"]
[EventDate "2024.05.23"]
[EventType "swiss"]
[EventRounds "9"]
[EventCountry "USA"]
[SourceTitle "CBM 220 Extra"]
[Source "ChessBase"]
[SourceDate "2024.07.31"]
[SourceVersion "1"]
[SourceVersionDate "2024.07.31"]
[SourceQuality "1"]

1. e4 c5 2. Nf3 e6 3. d4 cxd4 4. Nxd4 Nc6 5. Nc3 Qc7 6. f4 a6 7. Nxc6 bxc6 8. Bd3 d5 9. Qe2 Nf6 10. 0-0 Be7 11. b3 0-0 12. Bb2 a5 13. Kh1 g6 14. Rae1 d4 15. Nb1 c5 16. a4 Nd7 17. Na3 Qb8 18. Bc1 Bh4 19. g3 Bf6 20. Qf2 Ba6 21. Nb5 Bxb5 22. Bxb5 Qb7 23. Ba3 Be7 24. Qf3 Nb6 25. f5 exf5 26. exf5 Qxf3+ 27. Rxf3 Bd6 28. fxg6 fxg6 29. Rxf8+ Bxf8 30. Re6 Rb8 31. Rc6 Kf7 32. Bxc5 Bxc5 33. Rxc5 Rc8 34. Rxc8 Nxc8 35. Kg2 Ke6 36. Kf3 Ke5 37. Ke2 Nd6 38. Bc6 Nc8 39. Kd3 Nb6 40. Bf3 h6 41. Bg2 Nc8 42. c3 dxc3 43. Kxc3 Nb6 44. Bh1 g5 45. Bf3 Kd6 46. Kd4 Nd7 47. Be4 Ne5 48. h3 h5 49. h4 gxh4 50. gxh4 Nf7 51. Kc4 Kc7 52. Kd5 Kd7 53. Bg6 Ke7 1-0